| 000 | 00608nam a22001697a 4500 | ||
|---|---|---|---|
| 003 | NUST | ||
| 038 | _aNusrat Nadeem | ||
| 082 | _a200 | ||
| 100 |
_aArif, Muhammad Umair _9120194 |
||
| 245 |
_aDetection and Classification of Vehicles in Varying Complexity of Urban Traffic Scenes using Vision and Deep Learning/ _cMuhammad Umair Arif, |
||
| 264 |
_aKarachi, _bPNEC NUST, _c2022. |
||
| 300 |
_aill: _b334,p: _c30,cm. |
||
| 650 |
_aPhD- Electrical Engineering _984162 |
||
| 700 |
_aSupervisor: Dr Rana Hammad Raza _9120195 |
||
| 856 | _uhttp://10.250.8.41:8080/xmlui/handle/123456789/39588 | ||
| 942 |
_2ddc _cSC |
||
| 999 |
_c607602 _d607602 |
||